Veřejná zadluženost zemí střední a východní Evropy - vývoj v kontextu světové hospodářské krize

Verejná zadĺženosť do roku 2007. Bilancia verejných rozpočtov krajín SVE EÚ 10 v rokoch 1999 až 2007. Verejné dlhy krajín SVE EÚ 10. Zmeny v makroekonomickom prostredí v súvislosti s finančnou a hospodárskou krízou. Stratégia riešenia verejnej zadĺženosti krajín EÚ a krajín SVE EÚ 10.

Guardado en:
Detalles Bibliográficos
Autor principal: Karpová, Eva
Formato: Capítulo de libro
Lenguaje:checo
Materias:
Etiquetas: Agregar Etiqueta
Sin Etiquetas, Sea el primero en etiquetar este registro!

MARC

LEADER 00000naa a2200000 4500
001 0147552
005 20231116105629.3
041 0 |a cze 
044 |a CZ 
245 1 0 |a Veřejná zadluženost zemí střední a východní Evropy - vývoj v kontextu světové hospodářské krize  |c Eva Karpová 
520 |a Verejná zadĺženosť do roku 2007. Bilancia verejných rozpočtov krajín SVE EÚ 10 v rokoch 1999 až 2007. Verejné dlhy krajín SVE EÚ 10. Zmeny v makroekonomickom prostredí v súvislosti s finančnou a hospodárskou krízou. Stratégia riešenia verejnej zadĺženosti krajín EÚ a krajín SVE EÚ 10. 
610 2 0 |a kríza hospodárska 
610 2 0 |a kríza finančná 
610 2 0 |a Európska únia 
610 2 0 |a SVE 
610 2 0 |a politika hospodárska 
610 2 0 |a reformy hospodárske 
610 2 0 |a dlhy verejné 
100 1 |a Karpová, Eva